[Event "Moscow Smyslov-C"]
[Site "Moscow"]
[Date "2025.06.03"]
[Round "2"]
[White "Gorchakov, Alexander"]
[Black "Akulov, Evgeniy"]
[Result "1-0"]
[WhiteElo "1622"]
[BlackElo "1793"]
[PlyCount "81"]
[EventDate "2025.06.02"]
[EventType "swiss"]
[EventRounds "8"]
[EventCountry "RUS"]
[SourceTitle "CB29_2025"]
[SourceDate "2025.07.16"]
[SourceVersion "1"]
[SourceVersionDate "2025.07.16"]
[SourceQuality "1"]

1. e4 c5 2. Nf3 Nc6 3. d4 cxd4 4. Nxd4 g6 5. Nc3 Bg7 6. Be3 Nf6 7. Be2 0-0 8. 0-0 d6 9. f3 Bd7 10. Qd2 Nxd4 11. Bxd4 Bc6 12. Rad1 Qd7 13. f4 e5 14. fxe5 dxe5 15. Bxe5 Qxd2 16. Rxd2 Nxe4 17. Bxg7 Nxd2 18. Bxf8 Rxf8 19. Rf4 Re8 20. Bd3 Kg7 21. b4 f5 22. b5 Be4 23. Rf2 Rc8 24. Rxd2 Rxc3 25. Bxe4 fxe4 26. Rd7+ Kf6 27. Rxb7 e3 28. Kf1 Rxc2 29. Rxa7 Ke5 30. Ra3 Ke4 31. b6 Rb2 32. Rb3 Rxa2 33. b7 Ra1+ 34. Ke2 Ra2+ 35. Kd1 Ra1+ 36. Kc2 e2 37. b8Q e1Q 38. Qe8+ Kd4 39. Rd3+ Kc4 40. Qc6+ Kb4 41. Rb3+ 1-0